000 00511nam a2200181Ia 4500
999 _c32145
_d32145
003 OSt
005 20200724101642.0
008 190216s9999||||xx |||||||||||||| ||und||
040 _coclc
082 _a515.8
_bGUP/F
100 _aGupta, S L
_91031
245 0 _aFundamental Real Analysis /
_cS L Gupta ; Nisha Rani
250 _a4th Ed.
260 _bVikas Publishing House,
_aNoida:
_c2008.
300 _a336p
650 _aMathematics
942 _cBK
_2ddc
_h515.8
_iGUP/F
_k515.8
_mGUP/F